Монгол улсын стандарт (Бичлэгийн дугаар. 43606)

MARC дэлгэрэнгүй
000 -Удирдлага
Ном зүйн бүртгэл тоо буюу кодлох утгыг агуулсан 01281 a2200229 4500
003 - ХЯНАЛТЫН ТОО ТОДОРХОЙЛОГЧ
Код MN-UlNLM
005 - ХАМГИЙН СҮҮЛИЙН ҮЕИЙН ХЭЛЦЛИЙН ОГНОО БА ЦАГ
Тухайн бичилтийг бичсэн засварласан сүүлийн огноо. 20220509102006.0
008 - ЕРӨНХИЙ МЭДЭЭЛЭЛ-ЭЛЕМЕНТҮҮДИЙН ӨГӨГДЛИЙН УРТ
fixed length control field a130t2006 mp ||||| |||| 00| 0 mon d
040 ## - ЭХ СУРВАЛЖИЙГ ТОДОРХОЙЛОН БИЧИХ
Анхны каталогийн байгууллага Монгол Улсын Үндэсний номын сан
084 ## - БУСАД АНГИЛЛЫН ДУГААР
Анги 78.5ц
Ангиллын нэр Номын сан номзүйн ангилал
Зохиогчийн 3-н тэмдэгт М 692
Шинжлэх ухааны мэдлэгийн салбар Соёл, шинжлэх ухаан, боловсрол - 7
110 ## - ДЭЭД ГАРЧГИЙН МЭДЭЭ
Эрхлэн гаргасан байгууллагын нэр Стандартчилал, хэмжил зүйн үндэсний төв
245 1# - ҮНДСЭН ГАРЧИГ
Гарчиг Монгол улсын стандарт
Гарчигт хамааралтай мэдээ MNS 5639:2006
-- Нотны хэвлэлийн номзүйн бичилт
260 0# - ГАРАЛТЫН ТУХАЙ МЭДЭЭ
Хэвлэгдсэн он 2006
Хэвлэгдсэн газар УБ
300 ## - ТООНЫ МЭДЭЭ
Хуудасны тоо 22х
504 ## - НОМЗҮЙН ТУХАЙ МЭДЭЭ
Номзүйн тухай мэдээ Х.21
546 ## - ХЭЛНИЙ ТУХАЙ МЭДЭЭ
Хэл
653 ## - ТҮЛХҮҮР ҮГС
Түлхүүр үг Соёл шинжлэх ухаан боловсрол
-- Номзүй
-- Номзүй судлал
740 ## - НОМЫН АГУУЛГЫН ГАРЧИГ
Номын гарчгууд Өмнөх үг.
-- Хамрах хүрээ.
-- Норматив ишлэл.
-- Нэр томьёо.
-- Нийтлэг шаардлага.
-- Нэг ба олон ботит нотны хэвлэлийн номзүйн бичилт.
-- Цуврал нотны хэвлэлийн номзүйн бичилт.
-- Нотны хэвлэлийн задлаг номзүйн бичилт.
-- Нотны хэвлэлийн ном, өгүүллийн жагсаалт гаргах ба номзүйн эшлэл хиих.
856 ## - ЭЛЕКТРОН БАЙРЛАЛ БА ХОЛБООС
Төрөл Хэвлэмэл ном
942 ## - ЭЛЕМЕНТИЙН ТӨРӨЛ
Төрөл Ном
Захиалгууд
Буцаан татагдсан төлөв Хасагдсан шалтгаан Гэмтсэн төлөв Данс заагч Захиалах боломжгүй Үндсэн номын сан Одоогийн байршил Салбар танхим Сан хөмрөг 5 Бүртгэсэн огноо Тавиурын заалт Баркод Үнэ Хамгийн сүүлд байсан огноо Салбар Нийт уншлаганд гарсан тоо Хамгийн сүүлд уншлаганд гарсан огноо Төрөл
          МУҮНомын сан салбар МУҮНомын сан салбар МУҮНС салбар | Эрдэм танхим 7 давхар МУҮНС салбар | Эрдэм танхим 7 давхар 2021-09-14 5310 03005310 7475.00 2021-11-29 0000030053 1 2016-11-11 Ном